Top 5 des chanteurs par année [2016 à 2025] - Statistiques

Statistiques générales
  • Ce quiz a été pris 62 fois
    6 depuis la dernière actualisation
  • Le résultat moyen est 21 sur 50
Statistiques - réponses
Hint Réponse % Correct
1 Taylor Swift
83%
1 Taylor Swift
83%
2 Taylor Swift
83%
2 Taylor Swift
83%
3 Ariana Grande
67%
4 Drake
67%
4 Drake
67%
3 Drake
67%
4 Drake
67%
2 Drake
67%
1 Drake
67%
2 Drake
67%
1 Drake
67%
1 Drake
67%
5 Justin Bieber
67%
2 Justin Bieber
67%
3 Rihanna
67%
2 The Weeknd
67%
3 The Weeknd
67%
4 The Weeknd
67%
5 The Weeknd
67%
3 The Weeknd
67%
3 The Weeknd
67%
5 Billie Eilish
50%
2 Billie Eilish
50%
4 Ed Sheeran
50%
5 Ed Sheeran
50%
1 Ed Sheeran
50%
2 Ed Sheeran
50%
4 Kendrick Lamar
33%
3 Bad Bunny
17%
2 Bad Bunny
17%
1 Bad Bunny
17%
1 Bad Bunny
17%
1 Bad Bunny
17%
5 Bad Bunny
17%
5 BTS
17%
3 BTS
17%
3 XXXTentacion
17%
3 J Balvin
0%
4 J Balvin
0%
4 Juice Wrld
0%
5 Kanye West
0%
5 Kanye West
0%
5 Les Chainsmokers
0%
4 Maroon 5
0%
5 Peso Pluma
0%
1 Post Malone
0%
2 Post Malone
0%
4 Twenty One Pilots
0%
Aucun quiz correspondant
Distribution des résultats
% des personnes avec chaque résultat
Percentile par nombre de réponses
Votre historique - résultats
Vous n’avez pas pris ce quiz depuis la dernière actualisation